000 00757nam a2200289Ia 4500
005 20260324114918.0
008 008 260324s9999 xx 000 0 eng d
020 _a9780429422591
037 _aEBOOK
040 _aCRL
040 _beng
040 _cCRL
041 _2eng
041 _aeng
084 _qCRL
100 _aMarcela Albuquerque Cavalcanti de Albuquerque; Alejandra de Moreno de LeBlanc; Jean Guy LeBlanc; Raquel Bedani
_91152634
245 0 _aLactic Acid Bacteria
245 2 _bA Functional Approach
260 _bTaylor and Francis
260 _c2020
365 _a
365 _b370
856 _uhttp://www.taylorfrancis.com/books/9780429422591
942 _cEBOOK
999 _c1743112
_d1743112